Polymetalické konkrécie : Bohatstvo na dne morí a oceánov
Gespeichert in:
| Format: | Buch |
|---|---|
| Sprache: | Slowakisch |
| Veröffentlicht: |
Košice :
TU Košice,
2011
|
| Ausgabe: | 1. vyd. |
| Schlagworte: | |
| Tags: |
Keine Tags, Fügen Sie das erste Tag hinzu!
|
MARC
| LEADER | 00000nam a22000003a 4500 | ||
|---|---|---|---|
| 001 | stu234054 | ||
| 005 | 20150408164938.0 | ||
| 008 | 110906s2011----xo------------------slo-d | ||
| 020 | |a 978-80-553-0326-0 | ||
| 040 | |a STU |b slo | ||
| 041 | 0 | |a slo | |
| 044 | |a xo | ||
| 245 | |a Polymetalické konkrécie : |b Bohatstvo na dne morí a oceánov | ||
| 250 | |a 1. vyd. | ||
| 260 | |a Košice : |b TU Košice, |c 2011 | ||
| 300 | |a 257 s. 204 obr | ||
| 650 | 7 | |a dno morí a oceánov |2 stusub | |
| 996 | |b 284J039172 |c J*113950 |l JJST |s P |a 0 |w stu234054_0001 | ||
| 996 | |b 284J039173 |c J*113951 |l JJSK |s A |a 24 |w stu234054_0002 | ||